Catálogo Biblioteca Central

El Pacto por el Mediterráneo : (Registro nro. 232493)

Detalles MARC
000 -CABECERA
campo de control de longitud fija 00905naa a22002897i 4500
001 - NÚMERO DE CONTROL
campo de control 232493
003 - IDENTIFICADOR DEL NÚMERO DE CONTROL
campo de control ES-MaBCM
005 - FECHA Y HORA DE LA ÚLTIMA TRANSACCIÓN
campo de control 20260225141223.0
008 - CÓDIGOS DE INFORMACIÓN DE LONGITUD FIJA
campo de control de longitud fija 260225s2025 sp ||||| |||| 00| 0 spa d
040 ## - FUENTE DE LA CATALOGACIÓN
Centro transcriptor ES-MaBCM
100 1# - PUNTO DE ACCESO PRINCIPAL - NOMBRE DE PERSONA
Nombre de persona Roggero, Caterina
9 (RLIN) 131195
245 13 - MENCIÓN DE TÍTULO
Título El Pacto por el Mediterráneo :
Resto del título un intento a la baja de reactivar el partenariado
Mención de responsabilidad etc. Caterina Roggero
650 #7 - PUNTO DE ACCESO ADICIONAL DE MATERIA--TÉRMINO DE MATERIA
Término de materia o nombre geográfico como elemento inicial Relaciones de la Unión Europea
9 (RLIN) 60072
651 #4 - PUNTO DE ACCESO ADICIONAL DE MATERIA--NOMBRE GEOGRÁFICO
Nombre geográfico Mediterráneo (Región)
9 (RLIN) 115422
651 #4 - PUNTO DE ACCESO ADICIONAL DE MATERIA--NOMBRE GEOGRÁFICO
Nombre geográfico Marruecos
9 (RLIN) 115352
651 #4 - PUNTO DE ACCESO ADICIONAL DE MATERIA--NOMBRE GEOGRÁFICO
Nombre geográfico Argelia
9 (RLIN) 115550
651 #4 - PUNTO DE ACCESO ADICIONAL DE MATERIA--NOMBRE GEOGRÁFICO
Nombre geográfico Túnez
9 (RLIN) 115549
651 #4 - PUNTO DE ACCESO ADICIONAL DE MATERIA--NOMBRE GEOGRÁFICO
Nombre geográfico Libia
9 (RLIN) 115416
651 #4 - PUNTO DE ACCESO ADICIONAL DE MATERIA--NOMBRE GEOGRÁFICO
Nombre geográfico Egipto
9 (RLIN) 115524
651 #4 - PUNTO DE ACCESO ADICIONAL DE MATERIA--NOMBRE GEOGRÁFICO
Nombre geográfico Israel
9 (RLIN) 115528
651 #0 - PUNTO DE ACCESO ADICIONAL DE MATERIA--NOMBRE GEOGRÁFICO
Nombre geográfico Jordania
9 (RLIN) 119295
651 #4 - PUNTO DE ACCESO ADICIONAL DE MATERIA--NOMBRE GEOGRÁFICO
Nombre geográfico Libia
9 (RLIN) 115416
651 #4 - PUNTO DE ACCESO ADICIONAL DE MATERIA--NOMBRE GEOGRÁFICO
Nombre geográfico Siria
9 (RLIN) 115904
651 #0 - PUNTO DE ACCESO ADICIONAL DE MATERIA--NOMBRE GEOGRÁFICO
Nombre geográfico Palestina
9 (RLIN) 118533
773 0# - ENLACE AL DOCUMENTO FUENTE
Lugar editor y fecha de publicación Madrid
Parte(s) relacionada(s) N. 76 (otoño-invierno 2025), p. 14-17 - Loc. S.471
Título Afkar ideas
Número de control del registro relacionado 105599
942 ## - ELEMENTOS DE PUNTO DE ACCESO ADICIONAL (KOHA)
Fuente del sistema de clasificación o colocación Universal Decimal Classification
Tipo de ítem Koha Artículos de revistas
Existencias
Estado de retiro Estado de pérdida Fuente del sistema de clasificación o colocación Estado dañado No para préstamo Localización permanente Ubicación/localización actual Ubicación en estantería Fecha de adquisición Total de préstamos Fecha visto por última vez Precio válido a partir de Tipo de ítem Koha
    Universal Decimal Classification     Biblioteca Central del Ministerio de la Presidencia Biblioteca Central del Ministerio de la Presidencia Sala 25/02/2026   25/02/2026 25/02/2026 Artículos de revistas